|
|
|
|
| LEADER |
00000nam a2200000 i 4500 |
| 001 |
DIGVIETO185 |
| 003 |
NyNyDIG |
| 008 |
210606s2007 sp ob 000 0 spa d |
| 006 |
m o d |
| 007 |
cr ||||||||||| |
| 035 |
|
|
|a (OCoLC)1256234110
|
| 040 |
|
|
|a DGITA
|b eng
|e rda
|e pn
|c DGITA
|
| 020 |
|
|
|z 9788496831063
|
| 020 |
|
|
|z 849683106X
|
| 041 |
1 |
|
|a spa
|h fre
|
| 050 |
1 |
4 |
|a HX40 ebook
|
| 082 |
0 |
4 |
|a 335.43
|
| 100 |
1 |
|
|a Bensaïd, Daniel,
|e author.
|
| 240 |
1 |
0 |
|a Trotskysmes.
|l Spanish
|s (Coll)
|
| 245 |
1 |
0 |
|a Trotskismos /
|c Daniel Bensaïd ; epílogos de Miguel Romero y Pepe Gutiérrez ; traducción de Andreu Coll.
|
| 264 |
|
1 |
|a [Vilassar de Dalt, Spain] :
|b El Viejo Topo
|c [2007]
|
| 300 |
|
|
|a 1 online resource.
|
| 336 |
|
|
|a text
|b txt
|2 rdacontent
|
| 337 |
|
|
|a computer
|b c
|2 rdamedia
|
| 338 |
|
|
|a online resource
|b cr
|2 rdacarrier
|
| 347 |
|
|
|a text file
|2 rdaft
|
| 347 |
|
|
|b PDF
|
| 490 |
1 |
|
|a Viento sur.
|
| 504 |
|
|
|a Includes bibliographical references.
|
| 588 |
0 |
|
|a Online resource; title from PDF title page (Digitalia, viewed June 7, 2021)
|
| 600 |
1 |
0 |
|a Trotsky, Leon,
|d 1879-1940
|x Influence.
|
| 610 |
2 |
0 |
|a Fourth International.
|
| 650 |
|
0 |
|a Communism
|x History
|y 20th century.
|
| 655 |
|
0 |
|a Electronic books.
|
| 700 |
1 |
|
|a Coll,
|
| 700 |
1 |
|
|i Translation of:
|a Bensaïd, Daniel.
|t Trotskysmes.
|
| 791 |
2 |
|
|a Digitalia (Firm),
|e distributor.
|
| 793 |
0 |
|
|g Digitalia eBook Collection:
|a El Viejo Topo
|
| 776 |
0 |
8 |
|i Print version:
|a Bensaïd, Daniel.
|s Trotskysmes. Spanish (Coll).
|t Trotskismos.
|d [Vilassar de Dalt, Spain] : El Viejo Topo, [2007]
|z 9788496831063
|
| 830 |
|
0 |
|a Viento sur (Viejo Topo (Firm)).
|
| 856 |
4 |
0 |
|3 Digitalia Hispánica
|u https://www.digitaliapublishing.com/a/57883/
|
| 910 |
|
|
|a Premium collection: 2021
|